Situación de salud del perú 2002 (Record no. 40027)

MARC details
000 -LEADER
campo de control de longitud fija 00321nam a2200133Ia 4500
005 - FECHA Y HORA DE LA ÚLTIMA TRANSACCIÓN
campo de control 20251222155204.0
008 - DATOS DE LONGITUD FIJA--INFORMACIÓN GENERAL
campo de control de longitud fija 251222s9999||||xx |||||||||||||| ||spa||
082 ## - NÚMERO DE LA CLASIFICACIÓN DECIMAL DEWEY
Número de clasificación EDUM.117
100 ## - ENTRADA PRINCIPAL--NOMBRE DE PERSONA
Nombre de persona Dr.GLENN LOZANO ZANELLY
245 #0 - MENCIÓN DEL TÍTULO
Título Situación de salud del perú 2002
250 ## - MENCION DE EDICION
Mención de edición No ed.
264 ## - PRODUCCIÓN, PUBLICACIÓN, DISTRIBUCIÓN, FABRICACIÓN Y COPYRIGHT
Nombre del de productor, editor, distribuidor, fabricante No tiene
942 ## - ELEMENTOS DE ENTRADA SECUNDARIOS (KOHA)
Tipo de ítem Koha Libros
Holdings
Estatus retirado Estado de pérdida Estado de daño No para préstamo Biblioteca de origen Biblioteca actual Ubicación en estantería Fecha de adquisición Total de préstamos Signatura topográfica completa Código de barras Visto por última vez Precio de reemplazo Tipo de ítem Koha
        Biblioteca Tezza Biblioteca Tezza Programa 22/12/2025   EDUM.117 0035955 22/12/2025 22/12/2025 Libros